Culture Générale - Série 391 - Statistiques

Statistiques générales
  • Ce quiz a été pris 399 fois
  • Le résultat moyen est 8 sur 10
Statistiques - réponses
Question Réponse % Correct
Sur une main humaine, quel doigt est le plus proche du pouce ? L'index
99%
Dans la fable de Jean de La Fontaine, à qui le corbeau cède-t-il son fromage ? Au renard
98%
Quel mot, rimant avec suprême, désigne le bijou en forme de couronne qui orne la tête des miss France ? Le diadème
95%
Quelle capitale européenne est née de l'unification des villes Pest et Buda ? Budapest
93%
Quelle ville turque a eu pour nom Byzance puis Constantinople ? Istanbul
91%
En 1985, de quel jeu Garry Kasparov a-t-il été champion du monde à l'âge de 22 ans ? Les échecs
88%
Quel poisson est consommé frais sous le nom de cabillaud ? La morue
67%
Complétez le titre d'un film de Jean-Marie Poiré avec Josiane Balasko et Dominique Lavanant : "Les Hommes préfèrent les... Grosses
60%
A qui Martine Aubry a-t-elle succédé à la tête du Parti socialiste en novembre 2008 ? François Hollande
58%
Quel photographe français réalisa "Le Baiser de l'hôtel de ville" ? Robert Doisneau
52%
Aucun quiz correspondant
Distribution des résultats
% des personnes avec chaque résultat
Percentile par nombre de réponses
Votre historique - résultats
Vous n’avez pas pris ce quiz